| 000 | 00841cam a2200229 4500 | ||
|---|---|---|---|
| 001 | 768136 | ||
| 005 | 20081009094338.0 | ||
| 008 | 691024s1969 nyu | 001 0 eng d | ||
| 010 | _a 71084615 | ||
| 040 |
_aDLC _cDLC _dDLC _dOCoLC _dDLC |
||
| 043 | _an-us--- | ||
| 050 | 0 | 0 |
_aE744 _b.B654 |
| 082 | 0 | 0 |
_a327.73 _bBOH _222 |
| 100 | 1 |
_aBohlen, Charles E. _q(Charles Eustis), _d1904-1974. _910405 |
|
| 245 | 1 | 4 |
_aThe Transformation of American Foreign Policy/ _cCharles E. Bohlen. |
| 260 |
_aNew York: _bNorton, _c1969 |
||
| 300 |
_a130 p.; _c22 cm. |
||
| 500 | _aDonated by: Alaa Abdel Ghany | ||
| 651 | 0 |
_aUnited States _xForeign relations _y1945-1989. _910406 |
|
| 942 |
_2ddc _cBB |
||
| 999 |
_c13147 _d13147 |
||